The Leadership secrets of Colin Powell / (Record no. 11153)
[ view plain ]
| 000 -LEADER | |
|---|---|
| fixed length control field | 00661nam a22002172 4500 |
| 001 - CONTROL NUMBER | |
| control field | 0000018586 |
| 005 - DATE AND TIME OF LATEST TRANSACTION | |
| control field | 20151217154420.0 |
| 008 - FIXED-LENGTH DATA ELEMENTS--GENERAL INFORMATION | |
| fixed length control field | 100214s xx 000 0 eng d |
| 020 ## - INTERNATIONAL STANDARD BOOK NUMBER | |
| International Standard Book Number | 0070583943 : |
| 040 ## - CATALOGING SOURCE | |
| Original cataloging agency | KABU |
| Transcribing agency | KABU |
| 100 1# - MAIN ENTRY--PERSONAL NAME | |
| Personal name | Harari, Oren. |
| -- | 0000177895 |
| 245 14 - TITLE STATEMENT | |
| Title | The Leadership secrets of Colin Powell / |
| Statement of responsibility, etc. | Oren Harari. |
| 250 ## - EDITION STATEMENT | |
| Edition statement | 1st ed. |
| 260 ## - PUBLICATION, DISTRIBUTION, ETC. (IMPRINT) | |
| Place of publication, distribution, etc. | New Delhi : |
| Name of publisher, distributor, etc. | Tata McGraw-Hill, |
| Date of publication, distribution, etc. | 2002. |
| 300 ## - PHYSICAL DESCRIPTION | |
| Extent | viii, 278 p. |
| 600 10 - SUBJECT ADDED ENTRY--PERSONAL NAME | |
| Personal name | Powell, Colin. |
| -- | 0000177896 |
| 650 #0 - SUBJECT ADDED ENTRY--TOPICAL TERM | |
| Topical term or geographic name as entry element | Political leadership |
| Geographic subdivision | United States. |
| -- | 0000177897 |
| 852 1# - LOCATION | |
| -- | p1025 KES |
| 908 ## - PUT COMMAND PARAMETER (RLIN) | |
| Put command parameter | 100214 |
| 950 ## - LOCAL HOLDINGS (RLIN) | |
| -- | 1 |
| Withdrawn status | Lost status | Source of classification or shelving scheme | Not for loan | Home library | Current library | Date acquired | Total Checkouts | Full call number | Barcode | Date last seen | Price effective from | Koha item type |
|---|---|---|---|---|---|---|---|---|---|---|---|---|
| Library of Congress Classification | Kabarak, Main Campus | Kabarak, Main Campus | 17/12/2015 | E840.5 .P68H37 2002 c. 1 | 18529 | 17/12/2015 | 17/12/2015 | General Collection |